000 00532cam a2200193ua 4500
001 4167
005 20260515113809.0
008 111219n ii |||gr||||Z||||||asm
040 _cMAIN
082 _a495.91
100 1 _aPhukan, Jogendra Nath,
_eCompilor.,
245 1 1 _aBibliography of tai language
_cby Jogendra Nath Phukan
250 _a1st.
260 _aGuwahati:
_bAssamese deptt. Dibrugarh university,993.
300 _a131p:
_c23cm.
653 _aAssamese language
653 _aBibliography of tai language
942 _cBK
999 _c3985
_d3985